Statistics for Blackpink (kpop)

Click here to take the quiz!

General Stats

  • This quiz has been taken 635 times
  • The average score is 8 of 24

Answer Stats

hintAnswer% Correct
JisooKim Ji Soo
96%
JennieJennie Kim
60%
RoséPark Chae Young
54%
LisaLalisa Manoban
52%
JisooA
39%
RoséB
36%
LisaMain Dancer, Lead Rapper, Sub-Vocalist, Maknae
36%
JennieB
35%
LisaO
33%
Jisoo1.62 m (5.3 feet)
29%
Rosé1.68 m (5.6 feet)
28%
Jennie1.63 m (5.4 feet)
27%
Lisa1.67 m (5.6 feet)
27%
Lisa46 kg (101 lbs)
26%
Jisoo45 kg (99 lbs)
25%
Jennie50 kg (110 lbs)
25%
Rosé46 kg (101 lbs)
24%
LisaMarch 27, 1997
24%
JisooJanuary 3, 1995
23%
JennieJanuary 16, 1996
20%
RoséFebruary 11, 1997
19%
RoséMain Vocalist, Lead Dancer
17%
JennieMain Rapper, Lead Vocalist
15%
JisooLead Vocalist, Visual, Face of the Group
10%

Score Distribution

Percentile by Number Answered

Percent of People with Each Score

Your Score History

You have not taken this quiz